IFM Opac

How long will South Africa survive?Lon (Record no. 18798)

MARC details
000 -LEADER
fixed length control field 00308nam a22001337a 4500
020 ## - INTERNATIONAL STANDARD BOOK NUMBER
International Standard Book Number 0 333 22095 1
082 ## - DEWEY DECIMAL CLASSIFICATION NUMBER
Classification number 968.06JOH
100 ## - MAIN ENTRY--PERSONAL NAME
Personal name Johnson, r. w
245 ## - TITLE STATEMENT
Title How long will South Africa survive?Lon
260 ## - PUBLICATION, DISTRIBUTION, ETC.
Place of publication, distribution, etc. London
Date of publication, distribution, etc. 1977
300 ## - PHYSICAL DESCRIPTION
Extent v, 327p.
Other physical details ill., 21cm
650 ## - SUBJECT ADDED ENTRY--TOPICAL TERM
Topical term or geographic name entry element The crisis
942 ## - ADDED ENTRY ELEMENTS (KOHA)
Koha item type Books
Holdings
Withdrawn status Lost status Source of classification or shelving scheme Damaged status Not for loan Home library Current library Shelving location Date acquired Full call number Barcode Date last seen Price effective from Koha item type
    Dewey Decimal Classification     IFM Main Campus Library IFM Main Campus Library   08/21/2017 968.06JOH 0000006269 08/21/2017 08/21/2017 Books